Catholic University of Zimbabwe Library
Online Public Access Catalogue
(OPAC)

Manchus and Han (Record no. 25907)

MARC details
000 -LEADER
fixed length control field 02303cam a22006734a 4500
001 - CONTROL NUMBER
control field muse82784
003 - CONTROL NUMBER IDENTIFIER
control field MdBmJHUP
005 - DATE AND TIME OF LATEST TRANSACTION
control field 20210127151459.0
006 - FIXED-LENGTH DATA ELEMENTS--ADDITIONAL MATERIAL CHARACTERISTICS
fixed length control field m o d
007 - PHYSICAL DESCRIPTION FIXED FIELD--GENERAL INFORMATION
fixed length control field cr||||||||nn|n
008 - FIXED-LENGTH DATA ELEMENTS--GENERAL INFORMATION
fixed length control field 150907s2015 wau o 00 0 eng d
020 ## - INTERNATIONAL STANDARD BOOK NUMBER
International Standard Book Number 9780295997483
020 ## - INTERNATIONAL STANDARD BOOK NUMBER
Canceled/invalid ISBN 029599620X
020 ## - INTERNATIONAL STANDARD BOOK NUMBER
Canceled/invalid ISBN 9780295996202
020 ## - INTERNATIONAL STANDARD BOOK NUMBER
Canceled/invalid ISBN 0295977884
020 ## - INTERNATIONAL STANDARD BOOK NUMBER
Canceled/invalid ISBN 9780295977881
020 ## - INTERNATIONAL STANDARD BOOK NUMBER
Canceled/invalid ISBN 0295978090
020 ## - INTERNATIONAL STANDARD BOOK NUMBER
Canceled/invalid ISBN 9780295978093
020 ## - INTERNATIONAL STANDARD BOOK NUMBER
Canceled/invalid ISBN 0295979380
020 ## - INTERNATIONAL STANDARD BOOK NUMBER
Canceled/invalid ISBN 9780295979380
020 ## - INTERNATIONAL STANDARD BOOK NUMBER
Canceled/invalid ISBN 0295980400
020 ## - INTERNATIONAL STANDARD BOOK NUMBER
Canceled/invalid ISBN 9780295980409
020 ## - INTERNATIONAL STANDARD BOOK NUMBER
Canceled/invalid ISBN 9622095046
020 ## - INTERNATIONAL STANDARD BOOK NUMBER
Canceled/invalid ISBN 9789622095045
020 ## - INTERNATIONAL STANDARD BOOK NUMBER
Canceled/invalid ISBN 0295996587
020 ## - INTERNATIONAL STANDARD BOOK NUMBER
Canceled/invalid ISBN 9780295996585
035 ## - SYSTEM CONTROL NUMBER
System control number (OCoLC)1135593587
040 ## - CATALOGING SOURCE
Original cataloging agency MdBmJHUP
Transcribing agency MdBmJHUP
100 1# - MAIN ENTRY--PERSONAL NAME
Personal name Rhoads, Edward J. M.
245 10 - TITLE STATEMENT
Title Manchus and Han
Remainder of title Ethnic Relations and Political Power in Late Qing and Early Republican China, 1861-1928
264 #1 - PRODUCTION, PUBLICATION, DISTRIBUTION, MANUFACTURE, AND COPYRIGHT NOTICE
Name of producer, publisher, distributor, manufacturer University of Washington Press,
264 #3 - PRODUCTION, PUBLICATION, DISTRIBUTION, MANUFACTURE, AND COPYRIGHT NOTICE
Name of producer, publisher, distributor, manufacturer Project MUSE,
300 ## - PHYSICAL DESCRIPTION
Extent 1 online resource (416 pages) :
Other physical details illustrations ;
490 0# - SERIES STATEMENT
Series statement Studies on ethnic groups in China
506 0# - RESTRICTIONS ON ACCESS NOTE
Terms governing access Open Access
Standardized terminology for access restriction Unrestricted online access
Source of term star
588 ## - SOURCE OF DESCRIPTION NOTE
Source of description note Description based on print version record.
650 #0 - SUBJECT ADDED ENTRY--TOPICAL TERM
Topical term or geographic name entry element China
General subdivision Revolution.
Authority record control number or standard number (DE-588)4147674-8
Source of heading or term gnd
650 #0 - SUBJECT ADDED ENTRY--TOPICAL TERM
Topical term or geographic name entry element Politisches System.
Authority record control number or standard number (DE-588)4046584-6
Source of heading or term gnd
650 #0 - SUBJECT ADDED ENTRY--TOPICAL TERM
Topical term or geographic name entry element Ethnische Beziehungen.
Authority record control number or standard number (DE-588)4176973-9
Source of heading or term gnd
650 #0 - SUBJECT ADDED ENTRY--TOPICAL TERM
Topical term or geographic name entry element Mandschu.
Authority record control number or standard number (DE-588)4037305-8
Source of heading or term gnd
650 #0 - SUBJECT ADDED ENTRY--TOPICAL TERM
Topical term or geographic name entry element Chinesen.
Authority record control number or standard number (DE-588)4009946-5
Source of heading or term gnd
650 #0 - SUBJECT ADDED ENTRY--TOPICAL TERM
Topical term or geographic name entry element Manchus.
Source of heading or term fast
Authority record control number or standard number (OCoLC)fst01007396
650 #0 - SUBJECT ADDED ENTRY--TOPICAL TERM
Topical term or geographic name entry element Ethnic relations.
Source of heading or term fast
Authority record control number or standard number (OCoLC)fst00916005
650 #0 - SUBJECT ADDED ENTRY--TOPICAL TERM
Topical term or geographic name entry element Manchus.
651 #0 - SUBJECT ADDED ENTRY--GEOGRAPHIC NAME
Geographic name China.
Authority record control number or standard number (DE-588)4009937-4
Source of heading or term gnd
651 #0 - SUBJECT ADDED ENTRY--GEOGRAPHIC NAME
Geographic name China.
Source of heading or term fast
Authority record control number or standard number (OCoLC)fst01206073
651 #0 - SUBJECT ADDED ENTRY--GEOGRAPHIC NAME
Geographic name China
General subdivision History
Chronological subdivision 1912-1928.
651 #0 - SUBJECT ADDED ENTRY--GEOGRAPHIC NAME
Geographic name China
General subdivision History
Chronological subdivision 1861-1912.
651 #0 - SUBJECT ADDED ENTRY--GEOGRAPHIC NAME
Geographic name China
General subdivision Ethnic relations.
655 #0 - INDEX TERM--GENRE/FORM
Genre/form data or focus term History.
Source of term fast
Authority record control number (OCoLC)fst01411628
655 #7 - INDEX TERM--GENRE/FORM
Genre/form data or focus term Electronic books.
Source of term local
710 2# - ADDED ENTRY--CORPORATE NAME
Corporate name or jurisdiction name as entry element Project Muse.
Relator term distributor
830 #0 - SERIES ADDED ENTRY--UNIFORM TITLE
Uniform title Book collections on Project MUSE.
856 40 - ELECTRONIC LOCATION AND ACCESS
Public note Full text available:
Uniform Resource Identifier <a href="https://muse.jhu.edu/book/72609/">https://muse.jhu.edu/book/72609/</a>
Holdings
Withdrawn status Lost status Source of classification or shelving scheme Damaged status Not for loan Home library Current library Shelving location Date acquired Total Checkouts Date last seen Uniform Resource Identifier Price effective from Koha item type
          Digital Library Digital Library Online Access 27.01.2021   27.01.2021 https://muse.jhu.edu/book/72609/ 27.01.2021 eBook

OPENING HOURS

Weekdays: 0815hrs - 1800hrs
Weekends:0900hrs - 1200hrs

Closed for Mass:

Mon, Thur: 1200hrs - 1300hrs
Sunday & Public Holiday’s

CALL SUPPORT

0242-570570, 0242-570169
09200664, +263 8644140602

LOCATION

18443, Cranborne Avenue, Hatfield, Harare

Other Links


©2021 | CUZ Library